000 00437nam a2200157 a 4500
001 000014288
005 20200929163546.0
008 091209s1980 dr 000 0 spa d
040 _aDO-SdBNP
_bspa
_cBNPHU
082 _axxx
_bJ49d
100 1 _aJesús, Ángel de
_932250
245 1 3 _aEl día mundial de la tierra /
_cÁngel de Jesús.
260 _aSanto Domingo :
_bAlfa y Omega,
_c1980.
300 _a223 p. ;
_c22 cm.
049 _aBNPD
999 _c13884
_d13884